Normal view
MARC view
- Harold H. Trimm
Entry Personal Name
001 - CONTROL NUMBER
- control field: 90757
003 - CONTROL NUMBER IDENTIFIER
- control field: NUST
005 - DATE AND TIME OF LATEST TRANSACTION
- control field: 20220330152725.0
008 - FIXED-LENGTH DATA ELEMENTS
- fixed length control field: 220330|| aca||aabn | a|a d
040 ## - CATALOGING SOURCE
- Original cataloging agency: NUST
- Transcribing agency: NUST
100 ## - HEADING--PERSONAL NAME
- Personal name: Harold H. Trimm
670 ## - SOURCE DATA FOUND
- Source citation: Work cat.: (NUST)588985: Harold H. Trimm,, Environmental chemistry , 2012
